Make Your Bed (Record no. 12181)

MARC details
000 -LEADER
fixed length control field 00373nam a22001577a 4500
003 - CONTROL NUMBER IDENTIFIER
control field OSt
008 - FIXED-LENGTH DATA ELEMENTS--GENERAL INFORMATION
fixed length control field 240120b |||||||| |||| 00| 0 eng d
020 ## - INTERNATIONAL STANDARD BOOK NUMBER
International Standard Book Number 9780718188863
082 ## - DEWEY DECIMAL CLASSIFICATION NUMBER
Classification number 158.1
Item number MCM
100 ## - MAIN ENTRY--PERSONAL NAME
Personal name McRAVEN, William H
245 ## - TITLE STATEMENT
Title Make Your Bed
260 ## - PUBLICATION, DISTRIBUTION, ETC. (IMPRINT)
Place of publication, distribution, etc New Delhi:
Name of publisher, distributor, etc Penguin Books,
Date of publication, distribution, etc 2017.
300 ## - PHYSICAL DESCRIPTION
Extent 130p.
650 ## - SUBJECT ADDED ENTRY--TOPICAL TERM
Topical term or geographic name as entry element General Books
942 ## - ADDED ENTRY ELEMENTS (KOHA)
Source of classification or shelving scheme Dewey Decimal Classification
Koha item type Text Books
Holdings
Withdrawn status Lost status Source of classification or shelving scheme Damaged status Not for loan Collection code Home library Current library Date acquired Source of acquisition Currency Cost, normal purchase price Bill Number Total Checkouts Full call number Acc. no. / Barcode Date last seen Actual Cost, discounted price Bill Date Koha item type Date last borrowed Checked out
    Dewey Decimal Classification     GENERAL PIET C-LIBRARY PIET C-LIBRARY 13/01/2024 Zafaa Books and Distributors In rupees 350.00 ZBD0321   158.1 MCM 35375 20/01/2024 272.50 13/01/2024 Reference Books    
    Dewey Decimal Classification     GENERAL PIET C-LIBRARY PIET C-LIBRARY 13/01/2024 Zafaa Books and Distributors In rupees 350.00 ZBD0321 3 158.1 MCM 35376 29/09/2025 272.50 13/01/2024 Text Books 17/09/2025  
    Dewey Decimal Classification     GENERAL PIET C-LIBRARY PIET C-LIBRARY 18/06/2024 Zafaa Books and Distributors In rupees 350.00 ZBD0077 1 158.1 MCM 37674 12/07/2024 227.50 18/06/2024 Text Books 12/07/2024 28/01/2025

Design & Developed by: PIET Central Library
R70 Miles Stone Pattikalyana Samalkha Panipat 132102
mail ID :- [email protected], Phone No:- 0180-2569700 Ex.216